| 000 | 00587nam a2200229 a 4500 | ||
|---|---|---|---|
| 999 |
_c8357 _d8357 |
||
| 001 | 8357 | ||
| 003 | BD-JhCC | ||
| 005 | 20180222110524.0 | ||
| 008 | 180222s1987 ii a|||| || | 001 0 eng d | ||
| 035 | _a(BD-JhCC)8357 | ||
| 040 |
_aBD-JhCC _dBD-JhCC |
||
| 041 | _aeng | ||
| 082 |
_a541.3 _bKUN 1987 |
||
| 100 | _aKundu, N. | ||
| 245 |
_aPhysical Chemistry / _cN. Kundu and S. K. Jain |
||
| 260 |
_aNew Delhi : _bS. Chand & Company (Pvt.) Ltd, _c1978 |
||
| 300 |
_a1119 p. : _c21 cm. |
||
| 650 | _aPhysical Chemistry | ||
| 700 | _aJain, S. K. | ||
| 942 |
_2ddc _cBK |
||